Tomo tercero de las dominicas del padre Luis Bardelue, de la extinguida compañía llamada de Jesús, ...

Detalles Bibliográficos
Autor principal: BURDALUE, Luis
Formato: Libro
Publicado: Madrid 1777
Materias:
Colección:Banco de datos
Acervo:Biblioteca del Ex Convento de Nuestra Señora de Guadalupe. Zacatecas
Descripción Física:t. VII
Tema general:Religiosos
Notas:Regular. XIII,3,9 (4462)
LEADER 00788nam a22002050004500
035 |a 46575 
036 |a 7759 
100 1 |a BURDALUE, Luis 
245 1 0 |a Tomo tercero de las dominicas del padre Luis Bardelue, de la extinguida compañía llamada de Jesús, ...  |c tr. Miguel del Castillo 
260 |a Madrid  |b ed. Manuel de Godos, imp. Antonio Fernández  |c 1777 
300 |a t. VII 
500 |a Regular. XIII,3,9 (4462) 
650 1 0 |a Religiosos 
949 |a CRZ-CG 
959 |a Ex convento de Nuestra Señora de Guadalupe, Museo Regional de Zacatecas, Zacatecas  |b CCC4 
960 |a Convento de Nuestra Señora de Guadalupe, Zacatecas  |b DD87 
961 |a Franciscana  |b OF 
942 |c CRZ-CG 
943 |g Biblioteca del Ex Convento de Nuestra Señora de Guadalupe. Zacatecas 
999 |c 970702  |d 970702